The building trades /

Bibliographic Details
Main Author: Shaw, Frank L. (Frank Leslie), 1882-
Corporate Author: Cleveland Public Schools
Format: Book
Language:English
Published: Cleveland, O. : The Survey Committee of the Cleveland foundation, 1916.
Series:[Cleveland foundation. Publications] ; 15
Subjects:

MARC

Tag First Indicator Second Indicator Subfields
LEADER 00000cam a2200000 4500
001 in00000035382
005 20151007060757.0
008 761123s1916 ohuaf 00010 eng
010 |a  16008929  
035 |a (OCoLC)02575095 
035 |9 AAD0146AM 
040 |a DLC  |c TOL  |d TXA  |d UtOrBLW 
049 |a TXAM  |c [30323] 
050 0 |a LA348.C6  |b A3 no. 21 
092 |a 690  |b Sh5b 
100 1 |a Shaw, Frank L.  |q (Frank Leslie),  |d 1882- 
245 1 4 |a The building trades /  |c by Frank L. Shaw. 
264 1 |a Cleveland, O. :  |b The Survey Committee of the Cleveland foundation,  |c 1916. 
300 |a 107 pages :  |b frontispiece, plates., diagrams ;  |c 18 cm. 
336 |a text  |b txt  |2 rdacontent 
337 |a unmediated  |b n  |2 rdamedia 
338 |a volume  |b nc  |2 rdacarrier 
490 1 |a [Cleveland foundation. Publications] ;  |v 15 
500 |a At head of title: Cleveland education survey. 
500 |a "The report...is one of the 25 sections of the report of the education survey of Cleveland conducted by the Survey committee of the Cleveland foundation in 1915."--Foreward. 
650 0 |a Building trades  |z Ohio  |z Cleveland. 
650 0 |a Technical education  |z Ohio  |z Cleveland. 
710 2 |a Cleveland Public Schools. 
810 2 |a Cleveland Foundation.  |t Publications ;  |v 15. 
999 |a MARS 
999 f f |s 3f9c5ed5-9498-3895-87d9-0d13f6324b74  |i a125784e-c027-35ff-98aa-d18b574edf40  |t 0 
952 f f |p normal  |a Texas A&M University  |b College Station  |c Sterling C. Evans Library  |d Evans: Library Stacks  |t 0  |e LA348.C6 A3 no. 21  |h Library of Congress classification  |i unmediated -- volume  |m A14801138316 
998 f f |a LA348.C6 A3 no. 21  |t 0  |l Evans: Library Stacks